000 00732nam a22002177a 4500
008 081216t xxu||||| |||| 00| 0 eng d
010 _aB-271276-316
020 _c350.00
_a9788170286547
035 _aB-271276-316
037 _aRajpal/163/28.5.08/83/16.5.08/9.6.08
040 _adpl
_bEnglish
082 _a885
100 _aAbdul Kalam, APJ
245 _aIndomitable spirit /
_cby APJ Abdul Kalam
260 _aDelhi
_bRajpal
_c2008
270 _aMadarsa Road, Kashmere Gate
_bDelhi
_e110006
300 _a254p.:
_c2cm (Hb)
_bb&w photos
500 _aIncludes references
942 _2ddc
_cEN
_mABD
_h885
999 _c19895
_d19895